Normal view
MARC view
Entry Término temático
001 - NÚMERO DE CONTROL
- campo de control: 89842
003 - IDENTIFICADOR DEL NÚMERO DE CONTROL
- campo de control: DO-SdBNP
005 - FECHA Y HORA DE LA ÚLTIMA TRANSACCIÓN
- campo de control: 20260602133940.0
008 - DATOS DE LONGITUD FIJA
- campo de control de longitud fija: 260602|| aza||aabn | a|a d
040 ## - FUENTE DE LA CATALOGACIÓN
- Centro catalogador/agencia de origen: DO-SdBNP
- Centro/agencia transcriptor: DO-SdBNP
150 ## - ENCABEZAMIENTO--TÉRMINO DE MATERIA
- Término de materia o nombre geográfico como elemento de entrada: Cubanos
- Subdivisión general: Historia
- Subdivisión geográfica: República Dominicana
670 ## - FUENTE DE DATOS ENCONTRADOS
- Cita de la fuente: Work cat.: (DO-SdBNP)35939: Abreú Cardet, José, 62665 autor aut., Cuba y las expediciones de junio de 1959 /
